Statystyki dla Co to jest?

Kliknij tutaj aby rozwiązać quiz!

Ogólne statystyki

  • Ten quiz został rozwiązany 17 razy
  • Średni wynik to 20 z 45

Statystyki odpowiedzi

ZagadnienieKomórkaSelect% Poprawnych
MarioNie
73%
MarioNie
73%
MarioNie
73%
MarioNie
73%
MarioLuigiNie
73%
MarioWaluigiNie
73%
MarioYoshiNie
73%
MarioYoshiNie
73%
MarioYoshiNie
73%
MarioTak
67%
MarioNie
67%
MarioGamerNie
67%
EeeJaaaaNie
67%
MarioWaluigiNie
67%
MarioTak
60%
MarioNie
60%
Tylko ŻarcieJNie
60%
Tylko ŻarcieJaNie
60%
Tylko ŻarcieJeNie
60%
Tylko ŻarcieNie
53%
EeeIiiNie
53%
EeeNie
47%
MarioMarioTak
47%
EeeYyyTak
47%
Tylko ŻarcieTak
40%
EeeAaaTak
40%
EeeOooTak
40%
EeeUuuTak
40%
Tylko ŻarcieNie
33%
EeeTak
33%
MarioMarioNie
33%
Tylko ŻarcieNie
27%
MarioMarioNie
27%
Tylko ŻarcieŻarcieNie
27%
EeeJesteś pijanyTak
20%
MarioNie
13%
MarioTak
13%
MarioGamerTak
13%
MarioTak
7%
MarioTak
7%
MarioJesteś pijanyTak
7%
MarioJesteś pijanyTak
7%
Tylko ŻarcieJesteś pijanyTak
7%
MarioWaluigiTak
7%
MarioJesteś pijanyTak
0%

Rozkład punktacji

Percentyl według liczby udzielonych odpowiedzi

Procent ludzi z każdym wynikiem

Twoja historia wyników

Nie rozwiązałeś tego quizu